000 00945nas a2200313 4500
001 BR2011004095
003 BR-BrBNA
005 20231205115451.0
007 ta
008 230509b bl.|||p| |||| 00| 00por d
040 _aBR-BrBNA
_bpor
_cBiblioteca Nacional de Agricultura
041 _a(Pt)
072 _aH20
100 1 _aSouza, S.E. de
100 1 _aSansigolo, C.A.
100 1 _aFurtado, E.L.
100 1 _aJesus Junior, W.C. de
100 1 _aOliveira, R.R.
245 1 _aInfluência do cancro basal em Eucalyptus grandis nas propriedades da madeira e polpação Kraft
650 _aEUCALIPTO
650 _aMADEIRA
650 _aPROPRIEDADE FÍSICO-QUÍMICA
650 _aDOENÇA DE PLANTA
650 _aCANCRO BASAL
650 _aFUNGO
773 0 _tScientia Forestalis (Brazil)
_xISSN 1413-9324
_g(Dec 2010), v. 38(88) p. 547-557
_wBR2011004095
909 _a202311
_bLúcia
_c55
_dLúcia Elande
942 _2AGRIS
_n0
_cANA
999 _c213959
_d213959